Lettres communes (Record no. 85706)
[ view plain ]
| 000 -LEADER | |
|---|---|
| campo de control de longitud fija | 00757nam a2200217 i 4500 |
| 001 - NÚMERO DE CONTROL | |
| campo de control | 85706 |
| 003 - IDENTIFICADOR DE NÚMERO DE CONTROL | |
| campo de control | ES-MaACL |
| 005 - FECHA Y HORA DE LA ÚLTIMA TRANSACCIÓN | |
| campo de control | 20230906175305.0 |
| 007 - CAMPO FIJO DE DESCRIPCIÓN FÍSICA--INFORMACIÓN GENERAL | |
| campo de control de longitud fija | t| |
| 008 - DATOS DE LONGITUD FIJA--INFORMACIÓN GENERAL | |
| campo de control de longitud fija | 041130s1929 fr ||||1| fre d |
| 100 1# - ENTRADA PRINCIPAL--NOMBRE DE PERSONA | |
| Nombre de persona | Juan |
| Numeración | XXII |
| Títulos y otros términos asociados al nombre | Papa. |
| 9 (RLIN) | 67135 |
| 245 10 - MENCIÓN DEL TÍTULO | |
| Título | Lettres communes |
| Resto del título | : analysées d'après les registres dits d'Avignon et du Vatican / |
| Mención de responsabilidad, etc. | par G. Mollat. |
| 260 ## - PUBLICACIÓN, DISTRIBUCIÓN, ETC. | |
| Lugar de publicación, distribución, etc. | Paris : |
| Nombre del editor, distribuidor, etc. | Ancienne Librairie Fontemoig et Cia, |
| Fecha de publicación, distribución, etc. | 1929. |
| 300 ## - DESCRIPCIÓN FÍSICA | |
| Extensión | 22 fasc. en 1 v. ; |
| Dimensiones | 33 cm. |
| 490 1# - MENCIÓN DE SERIE | |
| Mención de serie | Bibliothèque des Ecoles Françaises d'Athènes et de Rome |
| 500 ## - NOTA GENERAL | |
| Nota general | Es el v. 11. |
| 700 1# - ENTRADA AGREGADA--NOMBRE PERSONAL | |
| Nombre de persona | Mollat, Guillaume. |
| 9 (RLIN) | 139065 |
| 830 0# - PUNTO DE ACCESO ADICIONAL DE SERIE-TÍTULO UNIFORME | |
| Título uniforme | Bibliothèque des Ecoles Françaises d'Athènes et de Rome |
| 9 (RLIN) | 182019 |
| 852 ## - LOCALIZACIÓN | |
| Ubicación | ES-MaACL |
| Número de control de estantería | C-7461 |
| Estatus retirado | Estado de pérdida | Estado de daño | No para préstamo | Biblioteca de origen | Biblioteca actual | Ubicación en estantería | Fecha de adquisición | Fuente de adquisición | Total de préstamos | Signatura topográfica completa | Código de barras | Visto por última vez | Precio de reemplazo | Tipo de ítem Koha |
|---|---|---|---|---|---|---|---|---|---|---|---|---|---|---|
| Biblioteca del Ateneo de Madrid | Biblioteca del Ateneo de Madrid | Sala Palomar | 17/01/2008 | C-7461 | 1089555 | 23/02/2023 | 23/02/2023 | Libro impreso |
